Регионална библиотека "Любен Каравелов" - Русе

Избрани преводи (Запис номер 186865)

MARC детайли
000 -Лидер
Контролно поле с фиксирана дължина 01549nam a2200325 c 4500
003 - Код на организацията, давaща контролен номер
Контролно поле BLK
005 - Дата и час на последна редакция
Контролно поле 20180422115512.0
008 - Елементи от данни с фиксирана дължина
fixed length control field 180411b bul|||||r ||||||| ||bul||
010 ## - Наследен системен номер
LC control number KNG00195861000
040 ## - Източник на каталожния запис
Идентификатор на билиотеката - собственик на записа BLK
041 ## - Код за език
Код за езика на текст/звукозапис или на отделно заглавие Български
Код за езика КДБФ Български
080 ## - УДК
Текстов определител УДК Руска литература
УДК код - определител по УДК 821.161.1
УДК определител -1
УДК - код + определител 821.161.1-1
080 ## - УДК
Текстов определител УДК Литература на отделни езици и езикови семейства
УДК код - определител по УДК 821
УДК определител -1
УДК - код + определител 821-1
100 1# - Редна дума - Автор
Автор Пантелеев, Димитър
Авторска отговорност първи автор
Автор - информация (биография) Менкаджиев, Димитър Пантелеев
R(LIN) 367299
139 ## - Редно поле
Редна дума Пантелеев, Димитър
Авторски знак Пант - П 19
245 10 - Сведения за заглавието
Заглавие Избрани преводи
Подзаглавни данни Из поезията на слав. народи
Редно поле (дума) Димитър Пантелеев; с предг. от Вътьо Драганов Раковски; * Димитър Пантелеев Менкаджиев.
257 ## - Страна на издаване
Страна на създаване/издаване България
260 ## - Област на издателските данни
-- София
Име на издателя, разпространителя и проч. Нар. култура
Година на издаване 1984
300 ## - Физическа характеристика
Страници 347 с., 1 л.
Илюстрации и др. портр.
Размери/Мащаб 18 см
380 ## - Жанр
Жанр Худож. лит.
490 1# - СЕРИИ (Колекции)
Име на серия Български преводачи
500 ## - Общи забележки
Забележка Пълното име на авт. е Димитър Пантелеев Менкаджиев. - 1 325 тир.
700 1# - Други автори (авторска отговорност)
Лично име Раковски, Вътьо Драганов
Автороска отговорност (Описва отношението между автора и произведението) с предг. от
9 (RLIN) 365171
700 1# - Други автори (авторска отговорност)
Лично име Менкаджиев, Димитър Пантелеев
Автороска отговорност (Описва отношението между автора и произведението) *
9 (RLIN) 274881
852 ## - Местоположение
Форматна сигнатура Цб І 21686
856 4# - Електронен адрес и достъп
Електронен формат pdf - файл
Път до файла /url/
856 4# - Електронен адрес и достъп
Електронен формат pdf - файл
Път до файла /url/
942 ## - АРТИКУЛИ
Вид на библиотечния материал Книги
Скрит в OPAC Не
944 ## - СЪЗДАВАНЕ И РЕДАКЦИЯ на ЗАПИСА
Създаване/Редакция Създаване
Дата на регистрацията/редакция 11.11.2016
Служител, извършил регистрацията/редакцията Правда_Бадева
944 ## - СЪЗДАВАНЕ И РЕДАКЦИЯ на ЗАПИСА
Създаване/Редакция Редакция
Дата на регистрацията/редакция 11.11.2016
Служител, извършил регистрацията/редакцията Правда_Бадева
999 ## - СИСТЕМНИ КОНТРОЛНИ НОМЕРА
Koha biblionumber 186865
Koha biblioitemnumber 186865
Наличности
Код за отписване Код за изгубен артикул Източник на класификационната схема Код за повреда Коз за рестрикции Код за отдаване Артикулен № Име на библиотеката - собственик Име на библиотеката, в която се намира в момента Статус (Текущо местоположение) Дата на вписване в системата Местоположение - отдел Цена в лева Инвентарен номер Систематично азбучна сигнатура Баркод Номер на екземпляра Цена в евро Служебна бележка Служебен тип на артикула
  Не е изгубен Universal Decimal Classification Не е повреден само за читалня ползва се в читалня 325777 Регионална библиотека "Любен Каравелов" Русе Регионална библиотека "Любен Каравелов" Русе Хранилище 1984-01-01 Хранилище 1.73 421028 Цб І 21686 120000421028 1 0.88 N: стар фонд Дата: 01.01.1984 Книги
Изтеглен Не е изгубен Universal Decimal Classification Не е повреден без рестрикции заемане за дома 325778 Регионална библиотека "Любен Каравелов" Русе Регионална библиотека "Любен Каравелов" Русе Заемна - подръчен фонд 1984-01-01 Заемна - подръчен фонд 1.73 421291 П 882-1/П 19 421291 2 0.88 N: стар фонд Дата: 01.01.1984 Дата инв: 09.02.2018 Бележки инв: П2018 Книги
Vip Innovations Ltd, Rousse, Bulgaria 2025